00510 2200205 4500001002100000005001500021035002000036007000300056008004100059020002200100082000800122084001400130100002400144245004300168250001100211260003500222300002100257650001300278990001300291INLIS00000000000775420260520091538 a0010-0526000005ta260520 | | ind  a978-623-305-251-1 a101 a101 FRE f0 aFrederick Copleston1 aFilsafat Hobbes /cFrederick Copleston aCet. 1 aYogyakarta :bBasa basi,c2021 a116 hlm ;c19 cm 4aFilsafat a125/2023